000 00340nam a22001457a 4500
008 221114b ||||| |||| 00| 0 eng d
020 _a0231062230
041 _aeng
080 _2SECOND EDITION
_a159.9
082 _a159.9 WEI
100 _a25
101 _aPSI
245 _aETHICAL ISSUES IN DEATH AND DYING
_cWEIR R
942 _2udc
_cBK
999 _c58894
_d58894